000 00781nam a2200253Ia 4500
008 160319s9999 xx 000 0 und d
020 _a9712710904 (pbd.)
050 _a959.9049
050 _bC822e 2001
100 _aCoronel, Sheila S.
245 _a EDSA 2 :
245 _ba nation in revolt : a photographic journal /
245 _cwith text by Sheila S. Coronel.
260 _bDiwa Textbooks
260 _c2002
300 _a vii, 232 p. :
300 _bcolor. ill. ;
300 _c29 cm.
650 _a Philippines -- History -- Revolution, 2001
650 _a Philippines -- Politics and government
650 _aEstrada, Joseph, 1937-
650 _aPhilippines. -- President (1998-2001 : Estrada)
650 _aPresidents -- Philippines -- Biography
999 _c292270
_d292270